Responses for show #6325 - Friday, March 2, 2012

David Gard game 1.

Contestants

[<< previous game]

Annette Todd, a marketing director from Riverside, California

David Gard, a retail horticulturist from Jamaica Plain, Massachusetts

Patrick Morrison, a student of Slavic Studies from Northville, Michigan (whose 3-day cash winnings total $80,701)

[next game >>]

Jeopardy! Round responses

EMILY DICKINSON
2 BY 2
(Alex: You have to name the pop duo.)
MEMPHIS
ANNUAL EVENTS
ASTRONOMY
"V" ME
    $200 8
Amherst

David
    $200 9
The Righteous Brothers

Annette
    $200 26
(Annette: What is hemp?)

cotton

DavidAnnette
    $200 1
Idaho

Patrick
    $200 3
Halley's Comet

David
    $200 11
vermouth

David
    $400 14
Walt Whitman

Triple Stumper
    $400 10
Hall & Oates

David
    $400 27
MGM

Patrick
    $400 2
Billy the Kid

David
    $400 4
Pluto

David
    $400 12
vacancies

David
    $600 15
succeed

Patrick
    $600 18
(Annette: Who are The Blues Brothers?)

Sam & Dave

Annette
Triple Stumper
    $600 28
Martin Luther King, Jr.

Patrick
    $600 21
Suwannee

David
    $1,000 5
Leo

David
    $600 13
vengeance

Patrick
    $800 24
the Whig

David
    $800 19
Tears for Fears

Annette
    $800 29
Holiday Inn

Annette
    $800 22
the Preakness

Patrick
    $800 6
an asteroid

David
    $800 16
vicar

Patrick
    $1000 25
The Atlantic

David
    $1000 20
Sugarland

Triple Stumper
    $1000 30
(Alex: "I'm fixin' to take you to [*]")

Piggly Wiggly

Patrick
    $1000 23
jack-o'-lanterns

Annette
    $1000 7
a black hole

Patrick
    $1000 17
(Alessandro) Volta

Annette

Scores at the first commercial break (after clue 15):

Patrick David Annette
$2,400 $4,000 $200

Scores at the end of the Jeopardy! Round:

Patrick David Annette
$6,000 $6,600 $3,000

Double Jeopardy! Round responses

WORLD GEOGRAPHY
ANTONYMIC PAIRS
A POSTHUMOUS CATEGORY
MOVIE DOG BREEDS
THE POST MAN'S HERE
I GOT 3 LETTERS!
    $400 3
(Annette: What is the Black Forest?)
(Alex: No.)
(Alex: What is [*]? Schwarzwald would be the Black Forest.)

the Bohemian Forest

Annette
Triple Stumper
    $400 8
thick and thin

David
    $400 4
Teddy Roosevelt

Patrick
    $400 17
a chihuahua

Annette
    $400 20
the New York Post

Patrick
    $400 1
G.E.D.

Patrick
    $800 28
Venezuela

Triple Stumper
    $800 9
hot and cold

Patrick
    $800 5
J. S. Bach

David
    $800 18
(Alex: Oh, it was a lovable [*]. A little crazy but lovable.)

Labrador retriever

Triple Stumper
    $800 21
The Washington Post

Patrick
    $800 2
(David: What is British Empire--Officer of the British Empire?)
(Alex: No. It's not Officer, it's [*].)


[This ruling was reversed at the first Daily Double in the round]

Order of the British Empire

David
    $1200 27
Principe

Triple Stumper
    $1200 10
give and take

David
    $1200 13
Finch

Patrick
    $1200 19
(Annette: I believe--was it a sheepdog?)
(Alex: No.)
[Annette laughs]
(Alex: Correct response--what is a [*]? Dog would eat your car. Annette.)
[Laughter[

Saint Bernard

Annette
Triple Stumper
    $1200 22
appeasement

Patrick
    $1200 6
fraud

Annette
    $1600 25
the Golan Heights

David
    $2,600 11
fact or fiction

David
    $1600 14
Faulkner

Patrick
    $1600 29
(David: What is a Belgian hound?)

a Brussels griffon

David
Triple Stumper
    $2,200 23
(Patrick: What is ... The Denver Post?)
(Alex: No. You had to think about the Internet and

The Huffington Post

Patrick
    $1600 7
Distinguished Service Medal

David
    $2000 26
Bangkok

Patrick
    $2000 12
In & Out

Patrick
    $2000 15
Isaac Stern

Triple Stumper
    $2000 30
a pug

Triple Stumper
    $2000 24
the Dispatch

David
    $2000 16
Editors

Triple Stumper

Scores at the end of the Double Jeopardy! Round:

Patrick David Annette
$14,600 $16,000 $3,000

[wagering suggestions for these scores]

Final Jeopardy! Round responses

BOOK VILLAINS
(Alex: Annette, you're smiling much too much on this Final as we look for a book villain. What did you write down?)
(Annette: I just put down "Hanibal". I know the movie. I just can't remember the guy's name. [Laughs])
(Alex: No. We can't accept that. no. Sorry. You were on the right track, though.)
...
(Alex: [Revealing Patrick's answer] That's it, yes. Silence of the Lambs, Red Dragon.)
AnnetteWho is Hanibal Le
$2,998
PatrickWho is Hannibal Lecter?
$8,000
DavidWho is Hannibal Lechter?
$13,300
Hannibal Lecter

Final scores:

Patrick David Annette
$22,600 $29,300 $2
2nd place: $2,000 New champion: $29,300 3rd place: $1,000

Game dynamics:

Coryat scores:

Patrick David Annette
$16,800 $14,600 $3,000
19 R,
1 W
(including 1 DD)
21 R
(including 2 DDs),
1 W
7 R,
4 W

Combined Coryat: $34,400

The J! Archive is created by fans, for fans. The Jeopardy! game show and all elements thereof, including but not limited to copyright and trademark thereto, are the property of Jeopardy Productions, Inc. and are protected under law. This website is not affiliated with, sponsored by, or operated by Jeopardy Productions, Inc. Join the discussion at JBoard.tv.